Welcome to the Holygrace Academy Library

Please use search bar below to get started

STORIES FROM SHAKESPEARE (Record no. 7336)

MARC details
000 -LEADER
fixed length control field 00271nam a22001217a 4500
082 ## - DEWEY DECIMAL CLASSIFICATION NUMBER
Classification number 823
Item number SHA/S
100 ## - MAIN ENTRY--AUTHOR NAME
Personal name SHAKESPEARE, WILLIAM
245 ## - TITLE STATEMENT
Title STORIES FROM SHAKESPEARE
260 ## - PUBLICATION, DISTRIBUTION, ETC. (IMPRINT)
Place of publication MADRAS
Name of publisher OXFORD
Year of publication 1992
300 ## - PHYSICAL DESCRIPTION
Number of Pages 135
650 ## - SUBJECT ADDED ENTRY--TOPICAL TERM
Topical Term ENGLISH STORY
Geographic subdivision INDIA
942 ## - ADDED ENTRY ELEMENTS (KOHA)
Koha item type Books
Holdings
Withdrawn status Lost status Collection code Home library Current library Date acquired Source of acquisition Cost, normal purchase price Full call number Accession Number Koha item type
Withdrawn Damaged Item Fiction Main Library Main Library 04/03/2002 purchase 15.00 823 SHA/S 00308 Books
Withdrawn Damaged Item Fiction Main Library Main Library 04/03/2002 purchase 14.00 823 SHA/S 00310 Books
Withdrawn Damaged Item Fiction Main Library Main Library 01/03/2002 purchase 18.00 823 SHA/S 00311 Books